|
|
|
|
| LEADER |
01293nam a2200253 a 4500 |
| 001 |
29213 |
| 003 |
BD-DhAAL |
| 005 |
20150510111405.0 |
| 008 |
150510s2012 bg 000 1 ben d |
| 020 |
|
|
|a 9847034302714
|
| 040 |
|
|
|a BD-DhAAL
|c BD-DhAAL
|
| 082 |
0 |
0 |
|a 891.4417
|2 20
|
| 100 |
2 |
|
|a হাফিজ, হেলাল।
|9 8779
|
| 245 |
0 |
0 |
|a কবিতা একাত্তর /
|c হেলাল হাফিজ; translated in english by Jubak Anarjo (যুবক অনার্য)
|
| 260 |
|
|
|a ঢাকা :
|b বিভাস,
|c ২০১২.
|
| 300 |
|
|
|a ১৫৮ পৃ. ;
|c ২৩ সে.মি.
|
| 541 |
1 |
|
|e 29213
|
| 650 |
|
0 |
|a Bengali fiction.
|9 6008
|
| 700 |
1 |
0 |
|a অনার্য, যুবক।
|9 10922
|
| 852 |
4 |
|
|a Ayesha Abed Library
|j General Shelf
|
| 942 |
|
|
|2 ddc
|c BK
|
| 999 |
|
|
|c 34376
|d 34376
|
| 952 |
|
|
|0 0
|1 0
|2 ddc
|4 0
|6 891_441700000000000_HAF
|7 0
|9 53674
|a BRACUL
|b BRACUL
|c GEN
|d 2015-05-10
|e BRAC Institute of Language (BIL)
|l 1
|m 3
|o 891.4417 HAF
|p 3010029213
|r 2023-02-28
|s 2023-02-06
|t 1
|w 2015-05-10
|y BK
|x Transferred from BIL to BRACUL on 06/06/22
|
| 952 |
|
|
|0 0
|1 0
|2 ddc
|4 0
|6 891_441700000000000_HAF
|7 0
|9 63002
|a BRACUL
|b BRACUL
|c GEN
|d 2018-03-29
|e Office of Co-Curricular Activities
|g 200.00
|l 1
|m 2
|o 891.4417 HAF
|p 3010032913
|q 2020-05-31
|r 2018-05-07
|s 2018-05-07
|t 2
|v 200.00
|w 2018-03-29
|y BK
|